Anciens drapeaux #4 - Statistiques

Statistiques générales
  • Ce quiz a été pris 83 fois
  • Le résultat moyen est 8 sur 16
Statistiques - réponses
Par images Hint Réponse % Correct
Europe Méditerranéenne 1701-1760 Espagne
84%
Europe du Nord 1542-1801 Irlande
79%
Europe de l'Ouest 1581-1795 Provinces-Unies (Pays-Bas)
76%
Europe Méditerranéenne 1378-1769 Empire Byzantin (Grèce)
68%
Asie du Sud Est 1707-1893 Royaume de Luang Prabang (Laos)
63%
Océanie 1834-1840 Nouvelle-Zélande
60%
Asie du Sud 1526-1857 Empire Moghol (Inde)
56%
Afrique du Nord 1574-1831 Tunisie
53%
Moyen-Orient 1967-1990 Yémen du Sud (Yémen)
48%
Amérique du Sud 1812-1814 Chili
45%
Asie de l'Est 960-1800 Dynastie Goryeo (Corée)
42%
Afrique de l'Est 1415-188 Sultanat d'Adal (Somalie)
37%
Amérique du Sud 1826-1842 Paraguay
29%
Europe de l'Ouest 1465-1862 Saint-Marin
27%
Antilles 1958-1962 Fédération des Indes occidentales (Sainte-Lucie, Saint-Vincent, Saint-Kitts...)
11%
Afrique du Sud Est 1977-1996 Seychelles
10%
Aucun quiz correspondant
Distribution des résultats
% des personnes avec chaque résultat
Percentile par nombre de réponses
Votre historique - résultats
Vous n’avez pas pris ce quiz